| 000 | 00576nam a22001937a 4500 | ||
|---|---|---|---|
| 003 | 0 | ||
| 005 | 20160609170059.0 | ||
| 008 | 101119t xxu||||| |||| 00| 0 eng d | ||
| 040 |
_aBUAC _cBEPAC |
||
| 100 |
_aChanou, Raïmiatou E.I. _911175 |
||
| 130 |
_lfr _911176 |
||
| 245 | _aPlace des bacteries dans les obstructions tubaires à Cotonou | ||
| 260 |
_aEPAC-UAC _bEPAC-UAC _c2006-2007 |
||
| 300 | _aXVIII-92p. | ||
| 650 |
_aBACTERIE _bOBSTRUCTION TUBAIRE _911177 |
||
| 700 |
_aGnimassou , Adéline L. M. _911178 |
||
| 700 |
_aHounsinou, Albert C. S. _911179 |
||
| 942 | _cTHE | ||
| 999 |
_c48269 _d48269 |
||